Cleaner production and consumption: challenges and opportuinties in East and Southern Africa (Record no. 79399)

MARC details
000 -LEADER
fixed length control field 00945nam a2200193 a 4500
008 - FIXED-LENGTH DATA ELEMENTS--GENERAL INFORMATION
fixed length control field 090324s1999 ||||||||||||||||| || u
020 ## - INTERNATIONAL STANDARD BOOK NUMBER
International Standard Book Number 0797420185
050 ## - LIBRARY OF CONGRESS CALL NUMBER
Classification number TD 789.A35 Cle
100 ## - MAIN ENTRY--PERSONAL NAME
Personal name Yap, Nonita T
245 10 - TITLE STATEMENT
Title Cleaner production and consumption: challenges and opportuinties in East and Southern Africa
Statement of responsibility, etc. edited by Notita T. Yap
260 ## - PUBLICATION, DISTRIBUTION, ETC.
Place of publication, distribution, etc. Harare
Name of publisher, distributor, etc. Weaver
Date of publication, distribution, etc. 1999
300 ## - PHYSICAL DESCRIPTION
Extent xiv, 186p.:ill
350 ## -
-- 0.00
490 ## -
-- Environmental Roundtable series
650 ## - SUBJECT ADDED ENTRY--TOPICAL TERM
Topical term or geographic name entry element REFUSE AND REFUSE DISPOSAL--AFRICA, EAST--CASE STUDIES
650 ## - SUBJECT ADDED ENTRY--TOPICAL TERM
Topical term or geographic name entry element SANITATION--DEVELOPING COUNTRIES
995 ## -
-- MAIN LIBRARY OPEN ACCESS
-- 0.00
-- 740029
-- CBU-MAIN LIBRARY (Kitwe)
-- 1
-- 0.00
-- TD 789.A35 CLE
-- 1
-- AVAILABLE
-- May 14, 2009
-- 740029
-- Main Library Open Access Collection
995 ## -
-- MAIN LIBRARY OPEN ACCESS
-- 0.00
-- 740028
-- CBU-MAIN LIBRARY (Kitwe)
-- 1
-- 0.00
-- TD 789.A35 CLE
-- 2
-- AVAILABLE
-- May 14, 2009
-- 740028
-- Main Library Open Access Collection
999 ## -
-- 79399
-- 79399
Holdings
Withdrawn status Lost status Source of classification or shelving scheme Damaged status Not for loan Permanent Location Current Location Shelving location Date acquired Total Checkouts Full call number Barcode Date last seen Copy number Price effective from Koha item type
          CBU-MAIN LIBRARY, KITWE. CBU-MAIN LIBRARY, KITWE.   06/29/2023   TD 789.A35 Cle 740029 06/29/2023 1 06/29/2023 MONOGRAPH
          CBU-MAIN LIBRARY, KITWE. CBU-MAIN LIBRARY, KITWE.   06/29/2023   TD 789.A35 Cle 740028 06/29/2023 2 06/29/2023 MONOGRAPH